000 00588nam a2200181Ia 4500
008 220216s9999 xx 000 0 und d
100 _aPujade-Renaud V
245 0 _aSpecific promoters for genetic engineering of rubber tree
260 _bBiotechnology and Rubber Tree : Proceedings of IRRDB Symposium 25-28 September 2001. CIRAD-CP/Rubber Programme, Montpellier, France
650 _aGenetic engineering
650 _aRubber tree
700 _aChrestin H
700 _aKongsawadworakul P
700 _aMontoro P
700 _aPhuangkosol N
700 _aSanier C
942 _cJS
999 _c69143
_d69143